|
|
|
|
| LEADER |
00000cam a2200000 7i4500 |
| 001 |
0000002102 |
| 005 |
20021014.0 |
| 020 |
0 |
0 |
|a 0333949773
|
| 090 |
0 |
0 |
|a 005.369
|b HOL 2001
|
| 100 |
1 |
0 |
|a HOLDING
|h Helen
|
| 245 |
1 |
0 |
|a Mastering Microsoft Office
|c Helen Holding, Clare Martin
|
| 250 |
0 |
0 |
|a 2nd ed.
|
| 260 |
0 |
0 |
|a Hampshire, U.K. :
|b Palgrave ,
|c 2001
|
| 300 |
|
|
|a xiii, 258 p. :
|b ill. ;
|c 24 cm.
|
| 500 |
0 |
0 |
|a Includes index
|
| 650 |
0 |
0 |
|a Microsoft Access
|
| 650 |
0 |
0 |
|a Microsoft Excel for Windows
|
| 650 |
0 |
0 |
|a Microsoft Office
|
| 650 |
0 |
0 |
|a Microsoft Outlook
|
| 650 |
0 |
0 |
|a Microsoft Power Point
|
| 650 |
0 |
0 |
|a Microsoft Word
|
| 700 |
0 |
1 |
|a Martin
|h Clare
|
| 998 |
|
|
|a JPSM
|
| 999 |
|
|
|a 0000003503
|b Monograph
|c Open Shelf
|e Default branch
|